000 04659nab a2200349 i 4500
003 BR-BrBNA
005 20241220134740.0
008 241220b2015 bl.|r|pooa||| 00| 0 eng |
040 _aBR-BrBNA
_beng
072 _aL73
_b5400
072 _aL70
100 _aSantos, F.P. dos
100 _aPascon, J.P.E.
100 _aPereira, D.T.P.
100 _aAnjos, B.L.
100 _aMistieri, M.L.A.
100 _a Silveira, I.D.
100 _aPorciuncula, M.L.
245 _aClinical and histopathological features of myocarditis in dogs with visceral leishmaniasis
500 _aPublicação online; 27 ref.; Summaries (En, Pt)
520 _a ABSTRACT - Visceral leishmaniasis (VL) is a cosmopolitan parasitic zoonosis that can promote myocarditis and heart rate changes in canine and human hosts. Thus, histopathological aspects of the myocardium and clinical, hematological, biochemical, radiological and electrocardiographic data were evaluated in a group of 36 dogs naturally infected with VL (VLG) and compared to data from 15 non-infected dogs (CG=Control Group). A prevalence of asymptomatic dogs was present in the CG (100%) and polysymptomatic dogs in the VLG (66%). In addition, two dogs in the VLG demonstrated systolic murmurs in the mitral valve region: one with a II/VI intensity and the other with a III/VI intensity. The mean values of RBC, hemoglobin and hematocrit were lower in dogs in VLG and were associated with higher values of total protein, total leukocytes, neutrophils, creatine kinase overall (CK) and the CK-MB fraction (CK-MB). The absence of radiographic changes was accompanied by a predominance of respiratory sinus arrhythmia associated with episodes of migratory pacemaker and sinus arrest in dogs in VLG (75%), sinus rhythm in dogs in CG (60%) and decreased P wave amplitude in VLG electrocardiography. Mononuclear cell infiltration was detected in the myocardium of 77,8% of dogs in GVL and classified primarily as mild multifocal lymphohistioplasmacytic. Amastigotes were detected in only one dog, which did not allow the association between myocarditis and parasitism, although the myocardial lesions that were found constitute irrefutable evidence of myocarditis in the VLG dogs, accompanied by lenient electrocardiographic changes compared to CG. Keywords: Electrocardiography, Leishmania sp., visceral leishmaniasis, dogs
520 _a RESUMO - A leishmaniose visceral (LV) é uma zoonose parasitária cosmopolita capaz de promover miocardite e alterações no ritmo cardíaco em cães e seres humanos. Dessa forma, os aspectos clínicos, hematimétricos, bioquímicos, radiográficos, eletrocardiográficos e histopatológicos do miocárdio foram avaliados em 36 cães naturalmente infectados com LV (GLV) e comparados a 15 cães não infectados (GC). Houve predomínio de cães assintomáticos no GC (100%) e polissintomáticos no GLV (66%). Dois cães do GLV apresentaram sopro sistólico de intensidade II/VI e III/VI, em região de foco mitral. Os valores médios de hemácia, hemoglobina e hematócrito foram inferiores nos cães do GLV, associados a maiores valores de proteína total, leucócitos totais, neutrófilos, creatinina quinase total (CK) e fração MB (CK-MB). Ausência de alterações radiográficas foi acompanhada de predomínio de arritmia sinusal respiratória associada a episódios de marcapasso migratório e sinus arrest nos cães do GLV (75%), ritmo sinusal nos cães do GC (60%) e diminuição da amplitude da onda P no GLV à eletrocardiografia. Infiltrado inflamatório mononuclear foi detectado no miocárdio de 77,8% dos cães do GLV, classificados, em sua maioria, como linfoistioplasmocitário multifocal leve. A forma amastigota foi detectada em apenas um cão, não permitindo a associação entre a miocardite e a parasitose, ainda que as lesões miocárdicas encontradas constituam prova irrefutável da miocardite nos cães do GLV, acompanhadas por alterações eletrocardiográficas brandas em comparação ao GC. Palavras-chave: eletrocardiografia, Leishmania sp., leishmaniose visceral, caninos
650 _aCÃO
650 _aDOENÇA ANIMAL
650 _aLEISHMANIOSE
650 _aELETROCARDIOGRAFIA
650 _aVETERINÁRIA
773 0 _01643
_9315898
_dBelo Horizonte-MG Universidade Federal de Minas Gerais - Escola de Veterinaria 1983
_o2024-2263
_tArquivo Brasileiro de Medicina Veterinária e Zootecnia (Brazil)
_x0102-0935
_gv. 67(6) p. 1519-1527; (2015)
_wBR2024004026
856 _uhttps://www.scielo.br/j/abmvz/a/FjnVcwsTH78TfmszSh54M7q/?format=pdf&lang=en
942 _cANA
999 _c329382
_d329382